| 000 | 00823nam a2200253 a 4500 | ||
|---|---|---|---|
| 001 | BRCA_2310 | ||
| 005 | 20190320203744.0 | ||
| 008 | 190808s2007----mx-a---###---#000-0#spa-# | ||
| 020 | _a9789689068365 | ||
| 041 | _aspa | ||
| 044 | _amx | ||
| 050 | 4 |
_aZ1029 _b.C37 2007 |
|
| 100 | 1 |
_aCarreño Velázquez, Elvia _96927 |
|
| 245 | 1 | 0 |
_aLibro antiguo _bmonografía _cElvia Carreño Velázquez. |
| 260 |
_aMéxico _bApoyo al Desarrollo de Archivos y Bibliotecas de México _c2007 |
||
| 300 |
_a52 p. _bil. a color _c25 cm. |
||
| 504 | _aBibliografía: p. 51-52 | ||
| 610 | 2 | 4 |
_aApoyo al Desarrollo de Archivos y Bibliotecas de México (Ciudad de México) _96928 |
| 650 | 1 | 4 |
_aLibros antiguos _xHistoria _96929 |
| 650 | 1 | 4 |
_aLibros _xHistoria _96930 |
| 650 | 1 | 4 |
_aIncunables _zMéxico _96931 |
| 653 | 0 | _aADABI | |
| 942 |
_2lcc _cB |
||
| 999 |
_c2055 _d2055 |
||